اللہ کی تلوار خالد بن ولید (Record no. 549542)
[ view plain ]
| 000 -LEADER | |
|---|---|
| fixed length control field | 00449nam a22001457a 4500 |
| 082 ## - DEWEY DECIMAL CLASSIFICATION NUMBER | |
| Classification number | 922.97 |
| Author Mark | IBR |
| 100 ## - MAIN ENTRY--PERSONAL NAME | |
| Personal name | Ibrahim akram agha |
| 9 (RLIN) | 46197 |
| 245 ## - TITLE STATEMENT | |
| Title | اللہ کی تلوار خالد بن ولید |
| Statement of responsibility, etc. | Ibrahim akram agha |
| 260 ## - PUBLICATION, DISTRIBUTION, ETC. | |
| Place of publication, distribution, etc. | Islamabad, |
| Name of publisher, distributor, etc. | National book foundation |
| 300 ## - PHYSICAL DESCRIPTION | |
| Extent | 703p.: |
| Other physical details | ill,; |
| Dimensions | 15 cm. |
| 526 ## - STUDY PROGRAM INFORMATION NOTE | |
| Program name | 0 |
| Interest level | 0 |
| Reading level | 0 |
| Title point value | 922_970000000000000_IBR |
| 526 ## - STUDY PROGRAM INFORMATION NOTE | |
| Program name | 0 |
| Interest level | 0 |
| Reading level | 0 |
| Title point value | 922_970000000000000_IBR |
| 650 ## - SUBJECT ADDED ENTRY--TOPICAL TERM | |
| Topical term or geographic name entry element | MCE |
| 9 (RLIN) | 379 |
| 942 ## - ADDED ENTRY ELEMENTS (KOHA) | |
| Source of classification or shelving scheme | |
| Koha item type | Book |
| Withdrawn status | Lost status | Source of classification or shelving scheme | Damaged status | Not for loan | Permanent Location | Current Location | Date acquired | Total Checkouts | Full call number | Barcode | Date last seen | Price effective from | Koha item type |
|---|---|---|---|---|---|---|---|---|---|---|---|---|---|
| Military College of Engineering (MCE) | Military College of Engineering (MCE) | 09/29/2014 | 922.97 IBR | MCE-4640 | 09/29/2014 | 09/29/2014 | Book | ||||||
| Military College of Engineering (MCE) | Military College of Engineering (MCE) | 09/29/2014 | 922.97 IBR | MCE-4641 | 09/29/2014 | 09/29/2014 | Book |
